| 000 | 01130cam a22002295a 4500 | ||
|---|---|---|---|
| 001 | L159417 | ||
| 008 | 170602s2017 xxk f 000 0 eng d | ||
| 020 | _a9781315673769 | ||
| 035 | _a(Sirsi) u159417 | ||
| 041 | 0 | _aeng | |
| 100 | 1 | _aHigham, Anthony | |
| 245 | 0 | 0 |
_aProject finance for construction _h[electronic resource] |
| 260 |
_aAbingdon _bRoutledge _c2017 |
||
| 520 | _aProvides an overview of project finance from inception through to final account and life cycle. Looks at pre-contract financial management, procurement systems, elements of a contractor's bid, design and consultancy teams managing finance and risk for employers, valuations and imterim payments, post contracts, fiancial management, post practice completion capital investment appraisal, corporate accounts and raising capital and managing liquidity. | ||
| 650 | 2 | 4 | _aPROPERTY FINANCE |
| 650 | 2 | 4 | _aINVESTMENT APPRAISAL |
| 651 | 4 |
_aUnited Kingdom _y |
|
| 690 |
_aConstruction management _96230 |
||
| 700 | 1 | _aBridge, Carl | |
| 856 | 4 | 0 |
_uhttps://www.vlebooks.com/ _zView on VLEbooks. Logins for members only from [email protected] |
| 942 | _n0 | ||
| 999 |
_c115881 _d115881 |
||